<?xml version="1.0" encoding="UTF-8"?>
<collection xmlns:xsi="http://www.w3.org/2001/XMLSchema-instance" xsi:schemaLocation="http://www.loc.gov/MARC21/slim http://www.loc.gov/standards/marcxml/schema/MARC21slim.xsd" xmlns="http://www.loc.gov/MARC21/slim">
 <record>
  <leader>000000000a22000000004500</leader>
  <controlfield tag="001">23964</controlfield>
  <controlfield tag="008">160427s        be ||||| |||| 00| 0 fre d</controlfield>
  <datafield tag="040" ind1=" " ind2=" ">
   <subfield code="a">manes</subfield>
   <subfield code="c">manes</subfield>
  </datafield>
  <datafield tag="041" ind1=" " ind2=" ">
   <subfield code="a">Francés</subfield>
  </datafield>
  <datafield tag="100" ind1="1" ind2=" ">
   <subfield code="a">BROECKAERT [Joseph]</subfield>
   <subfield code="b">De la compagnie de Jésus</subfield>
  </datafield>
  <datafield tag="245" ind1="0" ind2="0">
   <subfield code="a">Le guide du jeune littérateur. Tome premier. éléments généraux et compositions secondaires. Tome second. éloquence, histoire et poésie</subfield>
  </datafield>
  <datafield tag="260" ind1="3" ind2=" ">
   <subfield code="a">Bruxelles</subfield>
   <subfield code="b">H. Goemaere, imprimeur-éditeur</subfield>
   <subfield code="c">1861</subfield>
  </datafield>
  <datafield tag="300" ind1=" " ind2=" ">
   <subfield code="a">288 p., 553 p.</subfield>
  </datafield>
  <datafield tag="500" ind1=" " ind2=" ">
   <subfield code="a">CaA, 1851/CaA, 1852</subfield>
   <subfield code="a">Ouvrage classique adopté dans les colléges de la compagnie de Jésus</subfield>
  </datafield>
  <datafield tag="546" ind1=" " ind2=" ">
   <subfield code="a">Bélgica</subfield>
  </datafield>
  <datafield tag="650" ind1=" " ind2="7">
   <subfield code="a">Lenguaje</subfield>
  </datafield>
  <datafield tag="655" ind1=" " ind2="7">
   <subfield code="a">Secundaria</subfield>
  </datafield>
  <datafield tag="942" ind1=" " ind2=" ">
   <subfield code="2">ddc</subfield>
   <subfield code="c">BK</subfield>
  </datafield>
  <datafield tag="999" ind1=" " ind2=" ">
   <subfield code="c">46292</subfield>
   <subfield code="d">46292</subfield>
  </datafield>
  <datafield tag="999" ind1=" " ind2=" ">
   <subfield code="c">manes:46292</subfield>
   <subfield code="d">46292</subfield>
  </datafield>
 </record>
</collection>
